Sports Quiz

Random Sports or Baseball Quiz

MLB Leading the Pack (HRs) Quiz Stats

 Plays Quiz Updated Aug 4, 2015

Challenge
Share
Tweet
Embed
Score 0/53 Timer 07:00
2 Plays Today
Difference (year) Player % Correct
+35 HR (1921)Babe Ruth
98.9%
+35 HR (1920)Babe Ruth
98.9%
+26 HR (1926)Babe Ruth
98.9%
+23 HR (1928)Babe Ruth
98.9%
+19 HR (1924)Babe Ruth
98.9%
+17 HR (1932)Babe Ruth
98.9%
+17 HR (1919)Babe Ruth
98.9%
+14 HR (1933)Babe Ruth
98.9%
+13 HR (1927)Babe Ruth
98.9%
+9 HR (2001)Barry Bonds
93.9%
+9 HR (2001)Sammy Sosa
90.6%
+9 HR (1956)Mickey Mantle
85.7%
+8 HR (2008)Ryan Howard
84.7%
+8 HR (1968)Frank Howard
84.3%
+13 HR (1965)Willie Mays
83.5%
+13 HR (1927)Lou Gehrig
81.8%
+12 HR (2010)Albert Pujols
79.8%
+9 HR (2013)Miguel Cabrera
79.2%
+10 HR (1995)Frank Thomas
77.8%
+12 HR (2010)Jose Bautista
77.5%
+9 HR (2013)Chris Davis
77.2%
+11 HR (1949)Ted Williams
76.1%
+35 HR (1921)Ken Williams
75.7%
+11 HR (1990)Cecil Fielder
74.4%
+10 HR (1995)Albert Belle
73.4%
+17 HR (1932)Jimmie Foxx
72.4%
+14 HR (1933)Jimmie Foxx
72.4%
Difference (year) Player % Correct
+8 HR (1938)Jimmie Foxx
72.4%
+13 HR (1965)Willie McCovey
71.1%
+8 HR (1968)Willie McCovey
71.1%
+8 HR (1938)Hank Greenberg
61.5%
+10 HR (1995)Jay Buhner
60.6%
+8 HR (2008)Adam Dunn
59%
+11 HR (1977)George Foster
57.4%
+11 HR (1990)Ryne Sandberg
54.8%
+11 HR (1949)Ralph Kiner
54.5%
+10 HR (1950)Ralph Kiner
54.5%
+10 HR (1995)Dante Bichette
54.3%
+11 HR (1989)Howard Johnson
53.3%
+11 HR (1989)Kevin Mitchell
52.4%
+26 HR (1926)Hack Wilson
48.3%
+23 HR (1928)Hack Wilson
48.3%
+9 HR (1956)Duke Snider
48.3%
+11 HR (1989)Fred McGriff
28.5%
+10 HR (1950)Al Rosen
20.1%
+8 HR (1968)Willie Horton
18.5%
+35 HR (1920)George Sisler
18.2%
+11 HR (1977)Jeff Burroughs
13.9%
+35 HR (1921)Bob Meusel
12.5%
+23 HR (1928)Jim Bottomley
8%
+17 HR (1919)Gavvy Cravath
6.6%
+19 HR (1924)Jack Fournier
1.9%
+19 HR (1924)Joe Hauser
1.2%

You're not logged in!

Compare scores with friends on all Sporcle quizzes.
Join for Free
OR
Log In

You Might Also Like...

Show Comments

Extras

Top Quizzes Today


Score Distribution

Your Account Isn't Verified!

In order to create a playlist on Sporcle, you need to verify the email address you used during registration. Go to your Sporcle Settings to finish the process.

Report this User

Report this user for behavior that violates our Community Guidelines.

Details: